000 00580nam a2200217Ia 4500
005 20241129120238.0
008 241129s9999||||xx |||||||||||||| ||und||
020 _a9780190841386
037 _aTB
040 _aSDCL
_beng
_cSDCL
041 _aeng
_2eng
084 _aW:57, Q9
_qSDCL
100 _aLee C. Bollinger
_9729519
245 4 _aThe free speech century
260 _aNew York
_bOxford University Press U S A
_c2019
300 _axvi,356p.
365 _aUSD
_b28.99
650 _aPolitical Science
942 _cTB
_hW:57, Q9
999 _c1233987
_d1233987